[Event "MNT-chT"]
[Site "Herceg Novi"]
[Date "2024.04.29"]
[Round "4.11"]
[White "Radonjic, Milan"]
[Black "Pobor, Milo"]
[Result "1/2-1/2"]
[WhiteElo "1985"]
[BlackElo "2191"]
[PlyCount "51"]
[EventDate "2024.04.27"]
[EventType "team-tourn"]
[EventRounds "9"]
[EventCountry "MNE"]
[SourceTitle "CB19_2024"]
[SourceDate "2024.05.08"]
[SourceVersion "1"]
[SourceVersionDate "2024.05.08"]
[SourceQuality "1"]
[WhiteTeam "Omladinac Buducnost"]
[BlackTeam "Crnogorac"]
[WhiteTeamCountry "MNE"]
[BlackTeamCountry "MNE"]

1. d4 d5 2. c4 e6 3. Nc3 Nf6 4. cxd5 exd5 5. Bg5 Be7 6. e3 c6 7. Bd3 0-0 8. Qc2 Nbd7 9. Nf3 g6 10. h4 Nh5 11. 0-0-0 f5 12. Bh6 Rf6 13. Ne5 Nxe5 14. dxe5 Rf7 15. Be2 Ng7 16. Bxg7 Rxg7 17. h5 Qa5 18. Qb3 Qb4 19. Nxd5 cxd5 20. Qxd5+ Kh8 21. hxg6 Rxg6 22. Rxh7+ Kxh7 23. Qf7+ Rg7 24. Rh1+ Bh4 25. Qh5+ Kg8 26. Qe8+ 1/2-1/2

[Event "MNE-ch 76th"]
[Site "Podgorica"]
[Date "2024.02.13"]
[Round "9"]
[White "Vujovic, Savo"]
[Black "Pobor, Milo"]
[Result "1/2-1/2"]
[WhiteElo "2137"]
[BlackElo "2201"]
[PlyCount "20"]
[EventDate "2024.02.06"]
[EventType "swiss"]
[EventRounds "11"]
[EventCountry "MNE"]
[SourceTitle "CB08_2024"]
[SourceDate "2024.02.21"]
[SourceVersion "1"]
[SourceVersionDate "2024.02.21"]
[SourceQuality "1"]

1. c4 c5 2. Nc3 Nc6 3. g3 g6 4. Bg2 Bg7 5. e3 e5 6. Nge2 Nge7 7. 0-0 0-0 8. Nd5 d6 9. Nec3 Be6 10. d3 Qd7 1/2-1/2

[Event "MNT-ch 75th"]
[Site "Podgorica"]
[Date "2023.02.11"]
[Round "7"]
[White "Mandic, Stefan"]
[Black "Pobor, Milo"]
[Result "0-1"]
[WhiteElo "1992"]
[BlackElo "2154"]
[PlyCount "164"]
[EventDate "2023.02.05"]
[EventType "swiss"]
[EventRounds "9"]
[EventCountry "MNE"]
[SourceTitle "CBM 212 Extra"]
[Source "ChessBase"]
[SourceDate "2023.03.31"]
[SourceVersion "1"]
[SourceVersionDate "2023.03.31"]
[SourceQuality "1"]

1. e4 c5 2. Nf3 Nc6 3. b3 e6 4. Bb2 d5 5. Bb5 a6 6. Bxc6+ bxc6 7. Ne5 Qc7 8. exd5 cxd5 9. d4 Nf6 10. 0-0 Bd6 11. f4 0-0 12. Nd2 a5 13. Ndf3 Ne4 14. dxc5 Bxc5+ 15. Bd4 Ba6 16. Re1 f6 17. Nc4 Nc3 18. Qd2 Nb5 19. Bxc5 Qxc5+ 20. Ne3 Bb7 21. a4 Nc3 22. Qd4 Rac8 23. Qxc5 Rxc5 24. Nd4 Re8 25. Nd1 Ne4 26. Nf2 Nxf2 27. Kxf2 e5 28. Re3 Rf8 29. Nb5 Rxc2+ 30. Re2 Rfc8 31. Rae1 Ba6 32. fxe5 fxe5 33. Kf3 e4+ 34. Ke3 R2c5 35. Kd4 Bxb5 36. axb5 Rxb5 37. Ra1 Rxb3 38. Kxd5 Rb5+ 39. Kxe4 Re8+ 40. Kf3 Rf5+ 41. Kg4 Rxe2 42. Kxf5 Rf2+ 43. Ke6 Rxg2 44. Rxa5 Re2+ 45. Kf5 g6+ 46. Kf6 Rf2+ 47. Kg5 Rxh2 48. Ra8+ Kf7 49. Ra7+ Ke6 50. Ra6+ Kd5 51. Ra5+ Kc6 52. Ra6+ Kb5 53. Rd6 Rh5+ 54. Kf6 Kc4 55. Rd1 g5 56. Kf5 h6 57. Kg4 Rh4+ 58. Kg3 Kc5 59. Rd2 h5 60. Ra2 Rb4 61. Ra5+ Rb5 62. Ra8 Kd6 63. Ra6+ Ke5 64. Rh6 Rb3+ 65. Kf2 h4 66. Ra6 Kf5 67. Ra4 h3 68. Kg1 Rb2 69. Rc4 g4 70. Rc5+ Kf4 71. Rc4+ Kg5 72. Rc5+ Kh4 73. Rc4 Rb5 74. Kh2 Kg5 75. Kg3 Rb3+ 76. Kh2 Rb2+ 77. Kg1 g3 78. Rc5+ Kf4 79. Rc4+ Ke5 80. Rc1 Ke4 81. Ra1 Kd4 82. Rf1 h2+ 0-1

[Event "Paracin Prestige op"]
[Site "Paracin"]
[Date "2023.01.20"]
[Round "6"]
[White "Pobor, Milo"]
[Black "Tadic, Stefan"]
[Result "0-1"]
[WhiteElo "2187"]
[BlackElo "2353"]
[PlyCount "98"]
[EventDate "2023.01.17"]
[EventType "swiss"]
[EventRounds "9"]
[EventCountry "SRB"]
[SourceTitle "CBM 212 Extra"]
[Source "ChessBase"]
[SourceDate "2023.03.31"]
[SourceVersion "1"]
[SourceVersionDate "2023.03.31"]
[SourceQuality "1"]

1. e4 c5 2. Nf3 e6 3. d4 cxd4 4. Nxd4 Nf6 5. Nc3 Nc6 6. Ndb5 Bc5 7. Bf4 0-0 8. Bc7 Qe7 9. Bd6 Bxd6 10. Qxd6 Qd8 11. 0-0-0 a6 12. Nd4 Ne7 13. h4 Ne8 14. Qh2 b5 15. h5 Bb7 16. h6 g6 17. a3 Rc8 18. Qg3 Qc7 19. f4 Nc6 20. Qf2 Na5 21. f5 Nc4 22. Bxc4 Qxc4 23. Rhf1 b4 24. axb4 Qxb4 25. fxg6 fxg6 26. Qxf8+ Qxf8 27. Rxf8+ Kxf8 28. Nf3 Ke7 29. Ng5 Rc5 30. Nxh7 Rh5 31. Rf1 Rxh6 32. Ng5 Nd6 33. g4 Rh4 34. Rg1 Nc4 35. Nf3 Rh3 36. Nd2 Ne5 37. g5 Rh2 38. Nb3 Nf3 39. Rg3 Bxe4 40. Nc5 d5 41. N5xe4 dxe4 42. b4 Nd4 43. Kb1 Nf5 44. Rg4 e3 45. Re4 Kd6 46. Kb2 e5 47. Kb1 Ke6 48. Kb2 Nd4 49. Rxe3 Nxc2 0-1

[Event "EU-ch U18 30th"]
[Site "Antalya"]
[Date "2022.11.06"]
[Round "1"]
[White "Babazada, Khazar Araz"]
[Black "Pobor, Milo"]
[Result "1-0"]
[WhiteElo "2470"]
[BlackElo "2210"]
[PlyCount "21"]
[EventDate "2022.11.06"]
[EventType "swiss"]
[EventRounds "9"]
[EventCountry "TUR"]
[SourceTitle "CBM 211 Extra"]
[Source "ChessBase"]
[SourceDate "2023.01.31"]
[SourceVersion "1"]
[SourceVersionDate "2023.01.31"]
[SourceQuality "1"]

1. e4 c5 2. Nf3 e6 3. d4 cxd4 4. Nxd4 Nc6 5. Nc3 Qc7 6. f4 a6 7. Nxc6 Qxc6 8. Bd3 b5 9. Qe2 Bb7 10. Bd2 Bc8 11. a3 1-0

[Event "Pozarevac Rudar 3rd"]
[Site "Pozarevac"]
[Date "2022.08.07"]
[Round "5"]
[White "Ristic, Nenad"]
[Black "Pobor, Milo"]
[Result "0-1"]
[WhiteElo "2270"]
[BlackElo "2292"]
[PlyCount "66"]
[EventDate "2022.08.04"]
[EventType "tourn"]
[EventRounds "9"]
[EventCountry "SRB"]
[SourceTitle "CBM 209 Extra"]
[Source "ChessBase"]
[SourceDate "2022.09.30"]
[SourceVersion "1"]
[SourceVersionDate "2022.09.30"]
[SourceQuality "1"]

1. e4 c5 2. Nf3 e6 3. c3 Nf6 4. e5 Nd5 5. d4 cxd4 6. cxd4 Nc6 7. Bc4 d6 8. 0-0 Be7 9. exd6 Qxd6 10. Nc3 0-0 11. Re1 a6 12. a3 Rd8 13. Ba2 b6 14. Bg5 Bxg5 15. Nxg5 Qf4 16. Nxd5 Qxg5 17. Nxb6 Nxd4 18. Qc1 Nf3+ 19. Kh1 Qh4 20. Qc7 Ra7 21. Qg3 Qxg3 22. hxg3 Nxe1 23. Rxe1 Rb7 24. Nxc8 Rxc8 25. Re2 Kf8 26. f4 Rcb8 27. b4 Rc8 28. Re3 Rbc7 29. Re5 Rc2 30. Bb3 R2c3 31. Ba4 Rxa3 32. Ra5 Rc1+ 33. Kh2 Rca1 0-1

[Event "Pozarevac Rudar 3rd"]
[Site "Pozarevac"]
[Date "2022.08.06"]
[Round "3"]
[White "Milanovic, Slavisa"]
[Black "Pobor, Milo"]
[Result "1/2-1/2"]
[WhiteElo "2307"]
[BlackElo "2292"]
[PlyCount "24"]
[EventDate "2022.08.04"]
[EventType "tourn"]
[EventRounds "9"]
[EventCountry "SRB"]
[SourceTitle "CBM 209 Extra"]
[Source "ChessBase"]
[SourceDate "2022.09.30"]
[SourceVersion "1"]
[SourceVersionDate "2022.09.30"]
[SourceQuality "1"]

1. c4 Nf6 2. Nc3 e6 3. Nf3 d5 4. d4 Be7 5. Bf4 0-0 6. e3 b6 7. cxd5 Nxd5 8. Nxd5 Qxd5 9. Bd3 Qa5+ 10. Nd2 Ba6 11. Bxa6 Nxa6 12. 0-0 c5 1/2-1/2

[Event "Belgrade Summer IM 4th"]
[Site "Belgrade"]
[Date "2022.07.29"]
[Round "8"]
[White "Kouvidis, Ioannis"]
[Black "Pobor, Milo"]
[Result "0-1"]
[WhiteElo "2084"]
[BlackElo "2302"]
[PlyCount "72"]
[EventDate "2022.07.24"]
[EventType "tourn"]
[EventRounds "9"]
[EventCountry "SRB"]
[EventCategory "1"]
[SourceTitle "CBM 209 Extra"]
[Source "ChessBase"]
[SourceDate "2022.09.30"]
[SourceVersion "1"]
[SourceVersionDate "2022.09.30"]
[SourceQuality "1"]

1. e4 c5 2. Nc3 e6 3. Nf3 Nc6 4. d4 cxd4 5. Nxd4 Qc7 6. Nb3 a6 7. Bd3 b5 8. f4 d6 9. Qf3 Bb7 10. Be3 Nf6 11. 0-0 Be7 12. Qh3 h5 13. Kh1 Rc8 14. a3 Nb8 15. Rae1 Nbd7 16. Nd4 Nc5 17. Bg1 Rd8 18. Nf3 Ng4 19. e5 g6 20. exd6 Bxd6 21. Bxc5 Qxc5 22. Ng5 Nf2+ 23. Rxf2 Qxf2 24. Rf1 Qd2 25. Nb1 Qa5 26. Bxg6 fxg6 27. Qxe6+ Be7 28. Qxg6+ Kd7 29. Qe6+ Kc7 30. Qxe7+ Kb8 31. Qe5+ Ka8 32. Ne6 Rhg8 33. Ng5 Qb6 34. Nc3 Rge8 35. Qf5 Qf2 36. Rg1 Bxg2+ 0-1

[Event "Cetinje June GM 01"]
[Site "Cetinje"]
[Date "2022.06.10"]
[Round "5"]
[White "Pobor, Milo"]
[Black "Blagojevic, Dragisa"]
[Result "0-1"]
[WhiteElo "2266"]
[BlackElo "2501"]
[PlyCount "82"]
[EventDate "2022.06.07"]
[EventType "swiss"]
[EventRounds "9"]
[EventCountry "MNE"]
[SourceTitle "CBM 208 Extra"]
[Source "ChessBase"]
[SourceDate "2022.07.31"]
[SourceVersion "1"]
[SourceVersionDate "2022.07.31"]
[SourceQuality "1"]

1. e4 e5 2. Nf3 Nc6 3. d4 exd4 4. Nxd4 Nf6 5. Nxc6 bxc6 6. e5 Qe7 7. Qe2 Nd5 8. h4 Qe6 9. c4 Nb6 10. Nc3 Ba6 11. b3 0-0-0 12. Bb2 Re8 13. f4 f6 14. 0-0-0 fxe5 15. fxe5 Qxe5 16. Qxe5 Rxe5 17. Bd3 Re3 18. Rhe1 Rxe1 19. Rxe1 d5 20. Bf5+ Kb7 21. Kc2 Bb4 22. cxd5 cxd5 23. a3 Bd6 24. Nd1 Rf8 25. Bxh7 Rh8 26. Bf5 Rxh4 27. Bxg7 Bxa3 28. Be5 Kc6 29. Ne3 Bc5 30. Bg3 Rh5 31. Bg4 Rg5 32. Bf4 Bxe3 33. Bxg5 Bxg5 34. Re6+ Kc5 35. Rg6 Bf4 36. Bf5 Bb5 37. g4 a5 38. g5 a4 39. bxa4 Bxa4+ 40. Kd3 Bb5+ 41. Kc2 Nc4 0-1

[Event "Djenovici TS03 Mix 3rd"]
[Site "Djenovici"]
[Date "2022.04.04"]
[Round "6"]
[White "Pobor, Milo"]
[Black "Mamatov, Melis"]
[Result "0-1"]
[WhiteElo "2195"]
[BlackElo "2193"]
[PlyCount "50"]
[EventDate "2022.03.30"]
[EventType "swiss"]
[EventRounds "9"]
[EventCountry "MNE"]
[SourceTitle "EXT 2023"]
[Source "ChessBase"]
[SourceDate "2022.10.05"]
[SourceVersion "1"]
[SourceVersionDate "2022.10.05"]
[SourceQuality "1"]

1. e4 e5 2. Nf3 Nc6 3. Nc3 Nf6 4. Bb5 Bd6 5. 0-0 0-0 6. Re1 Re8 7. d3 a6 8. Ba4 h6 9. a3 Bf8 10. Bb3 d6 11. h3 Be6 12. Bxe6 Rxe6 13. d4 Nxd4 14. Nxd4 exd4 15. Qxd4 c6 16. Bf4 Qe7 17. Re3 g5 18. Bh2 Bg7 19. Qd3 Re8 20. Rae1 Nd7 21. Qc4 Nc5 22. e5 dxe5 23. Qb4 f5 24. Rd1 f4 25. Re2 e4 0-1

[Event "Djenovici TS03 Mix 3rd"]
[Site "Djenovici"]
[Date "2022.03.30"]
[Round "1"]
[White "Nikcevic, Nebojsa"]
[Black "Pobor, Milo"]
[Result "1-0"]
[WhiteElo "2369"]
[BlackElo "2195"]
[PlyCount "65"]
[EventDate "2022.03.30"]
[EventType "swiss"]
[EventRounds "9"]
[EventCountry "MNE"]
[SourceTitle "EXT 2023"]
[Source "ChessBase"]
[SourceDate "2022.10.05"]
[SourceVersion "1"]
[SourceVersionDate "2022.10.05"]
[SourceQuality "1"]

1. d4 Nf6 2. Nf3 g6 3. c4 Bg7 4. Nc3 0-0 5. e4 d6 6. Be3 Ng4 7. Bg5 h6 8. Bh4 c5 9. d5 f5 10. exf5 Bxf5 11. Bd3 Nd7 12. Bxf5 Rxf5 13. 0-0 Qf8 14. Nd2 Nge5 15. Nb5 Qf7 16. Qe2 g5 17. Bg3 Ng6 18. Nc7 Rc8 19. Ne6 Bh8 20. Qh5 Bg7 21. Rae1 Nde5 22. Qe2 Bh8 23. Qe4 h5 24. f4 gxf4 25. Bxf4 Nxf4 26. Nxf4 Ng4 27. Ne6 Rxf1+ 28. Rxf1 Bf6 29. h3 Ne5 30. Rf5 Qg6 31. Rxe5 Qh6 32. Rf5 Qxd2 33. Rxf6 1-0

[Event "MNT-ch 74th"]
[Site "Podgorica"]
[Date "2022.02.25"]
[Round "7"]
[White "Kisic, Bozidar"]
[Black "Pobor, Milo"]
[Result "1/2-1/2"]
[WhiteElo "2289"]
[BlackElo "2195"]
[PlyCount "86"]
[EventDate "2022.02.19"]
[EventType "swiss"]
[EventRounds "9"]
[EventCountry "MNE"]
[SourceTitle "EXT 2023"]
[Source "ChessBase"]
[SourceDate "2022.10.05"]
[SourceVersion "1"]
[SourceVersionDate "2022.10.05"]
[SourceQuality "1"]

1. Nf3 Nf6 2. c4 g6 3. b3 Bg7 4. Bb2 d6 5. d4 0-0 6. Nc3 c5 7. e3 Bg4 8. Be2 cxd4 9. exd4 d5 10. h3 Bxf3 11. Bxf3 e6 12. Qd2 Nc6 13. Ne2 Rc8 14. Rc1 dxc4 15. bxc4 Na5 16. c5 Nc6 17. Rd1 Qd7 18. 0-0 Rfd8 19. Qc2 Nd5 20. Qb1 Nce7 21. Nc1 Qc7 22. Nb3 Nf4 23. Qe4 Rd7 24. Rb1 Nc6 25. Rfd1 Rcd8 26. Bc1 Nd5 27. Qe1 Nde7 28. Bg5 h6 29. Bxc6 Qxc6 30. Bxe7 Rxe7 31. Qa5 b6 32. Qa6 Red7 33. Rdc1 Qe4 34. cxb6 axb6 35. Qxb6 Bxd4 36. Nxd4 Rxd4 37. Re1 Qd5 38. a3 Ra8 39. Rb5 Rd1 40. Rxd1 Qxd1+ 41. Kh2 Rxa3 42. Qb8+ Kh7 43. Rb4 Ra2 1/2-1/2

[Event "MNT-ch 74th"]
[Site "Podgorica"]
[Date "2022.02.24"]
[Round "6"]
[White "Pobor, Milo"]
[Black "Feratovic, Fahrudin"]
[Result "1-0"]
[WhiteElo "2195"]
[BlackElo "1935"]
[PlyCount "117"]
[EventDate "2022.02.19"]
[EventType "swiss"]
[EventRounds "9"]
[EventCountry "MNE"]
[SourceTitle "EXT 2023"]
[Source "ChessBase"]
[SourceDate "2022.10.05"]
[SourceVersion "1"]
[SourceVersionDate "2022.10.05"]
[SourceQuality "1"]

1. e4 e5 2. Nf3 Nc6 3. Nc3 Nf6 4. Bb5 Nd4 5. Bc4 Nxf3+ 6. Qxf3 d6 7. h3 c6 8. a4 Qa5 9. Rb1 Be6 10. d3 Be7 11. 0-0 0-0 12. Bxe6 fxe6 13. Qe2 Qd8 14. Bd2 Qe8 15. b4 Qg6 16. b5 Rab8 17. f4 exf4 18. Rxf4 e5 19. Rf5 Nd7 20. bxc6 bxc6 21. Rxf8+ Bxf8 22. Qf1 Qe8 23. Be3 a6 24. Rb3 Rxb3 25. cxb3 Be7 26. Qc1 Qb8 27. Qc2 Bd8 28. Nd1 Qc8 29. Qc4+ Kf8 30. Qe6 Bc7 31. Bg5 Qe8 32. Qf5+ Qf7 33. Qxh7 Qxb3 34. Qh8+ Qg8 35. Qh4 Qf7 36. Kh2 Bb6 37. Qh8+ Qg8 38. Be7+ Kf7 39. Qh4 Bc5 40. Bg5 Qb8 41. Qg4 Nf6 42. Bxf6 Kxf6 43. h4 g6 44. Nc3 Qb2 45. Ne2 Qd2 46. Ng3 Qf4 47. Kh3 Bf2 48. Qxf4+ exf4 49. Ne2 Ke5 50. Kg4 Be3 51. Kf3 d5 52. exd5 cxd5 53. g3 Kf5 54. Nxf4 d4 55. g4+ Ke5 56. Nxg6+ Kd6 57. g5 Kc5 58. Nf4 Bc1 59. g6 1-0